Statistics for Superheroes and Super villains

Click here to take the quiz!

General Stats

  • This quiz has been taken 1,072 times
    (1,058 since last reset)
  • The average score is 32 of 77

Answer Stats

GroupWhat?Answer% Correct
AvengersHeroIron Man
95%
AvengersHeroCaptain America
94%
AvengersHeroHulk
92%
AvengersHeroThor
92%
AvengersHeroBlack Widow
87%
Justice LeagueHeroBatman
85%
AvengersHeroHawkeye
84%
Justice LeagueHeroSuperman
84%
AvengersHeroSpider-Man
83%
X-MenHeroWolverine
82%
Fantastic 4HeroThe Thing
75%
Justice LeagueHeroWonder Woman
74%
Fantastic 4HeroHuman Torch
73%
X-MenVillainMagneto
73%
Fantastic 4HeroMr Fantastic
73%
X-MenHeroCyclops
70%
Fantastic 4HeroInvisible Woman
69%
AvengersVillainLoki
69%
Fantastic 4VillainDoctor Doom
66%
Justice LeagueHeroFlash
66%
X-MenHeroCharles Xaviers
64%
X-MenHeroStorm
64%
X-MenHeroPheonix
62%
AvengersHeroGiant Man
61%
AvengersHeroBlack Panther
55%
X-MenHeroThe Beast
55%
Justice LeagueVillainJoker
53%
Fantastic 4HeroSilver Surfer
52%
X-MenHeroIceman
49%
AvengersHeroWasp
49%
X-MenHeroQuicksilver
47%
X-MenHeroRogue
46%
AvengersVillainUltron
45%
X-MenHeroNight Crawler
43%
X-MenHeroDeadpool
42%
X-MenVillainMystique
42%
AvengersHeroNick Fury
42%
AvengersHeroDoctor Strange
39%
AvengersHeroVision
38%
X-MenHeroColossus
35%
Justice LeagueHeroCaptain Marvel
34%
AvengersHeroFalcon
34%
AvengersHeroWar Machine
34%
Justice LeagueHeroRobin
32%
AvengersVillainGreen Goblin
30%
AvengersVillainRed Skull
30%
X-MenHeroAngel
29%
AvengersHeroDaredevil
29%
X-MenHeroKitty Pryde
28%
AvengersHeroLuke Cage
28%
X-MenVillainSabretooth
28%
AvengersVillainGalactus
27%
AvengersHeroSpider-Woman
27%
AvengersVillainVenom
27%
AvengersHeroMs Marvel
25%
Justice LeagueBothCatwoman
24%
AvengersHeroIron Fist
24%
X-MenVillainJuggernaut
24%
AvengersHeroShe-Hulk
24%
AvengersVillainDr Octopus
22%
X-MenHeroScarlett Witch
18%
X-MenHeroEmma Frost
14%
AvengersVillainAbomination
12%
AvengersVillainKang The Conqueror
12%
AvengersVillainThe Mandarin
12%
AvengersHeroMaria Hill
9%
AvengersVillainMODOK
8%
AvengersHeroYellow Jacket
7%
AvengersHeroMockingbird
6%
AvengersHeroBlack Cat
4%
Justice LeagueVillainCheetah
4%
AvengersHeroSif
3%
AvengersVillainThe Leader
3%
AvengersVillainBulldozer
1%
AvengersVillainPiledriver
1%
AvengersVillainThunderball
1%
AvengersVillainWrecker
1%

Score Distribution

Percentile by Number Answered

Percent of People with Each Score

Your Score History

You have not taken this quiz since the last reset